00251nam a2200097Ia 4500100001800000245006200018260003700080082001600117300000800133546001200141 aKhanna/ K.K.  aPhysical Distribution Management :- Logistical Approach bHimalaya pub.houseaMumbaic2000 a658.78bKHA a423 aENGLISH